000 00649nam a2200229Ia 4500
003 OSt
005 20220923230428.0
006 a|||||r|||| 00| 0
007 ta
008 Pun
024 _a281,794
037 _cTextual
040 _aARTS
_cARTS
_bPun
041 _2Pun
_aPun
082 _aO153,3N176x, M1
100 _aਸਹਿੰਸਰਾ, ਗੁਰਚਰਨ ਸਿੰਘ
245 0 _aਡਿੱਠੇ ਸੁਣੇ ਪਠਾਣ
260 _c1981
650 _aਪੰਜਾਬੀ ਸਾਹਿਤ
942 _hO153,3N176x, M1
_cTEXL
_2CC
999 _c384736
_d384736